<?xml version="1.0" encoding="UTF-8"?>
<collection xmlns="http://www.loc.gov/MARC21/slim">
 <record>
  <leader>01578pam a22002778a 4500</leader>
  <controlfield tag="001">00022735</controlfield>
  <controlfield tag="005">20171026081022.0</controlfield>
  <controlfield tag="008">110602s2007                  ||||||Viesd</controlfield>
  <datafield tag="041" ind1="0" ind2="#">
   <subfield code="a">Vie</subfield>
  </datafield>
  <datafield tag="082" ind1="1" ind2="4">
   <subfield code="a">796.071</subfield>
   <subfield code="b">Đ305K</subfield>
  </datafield>
  <datafield tag="100" ind1="0" ind2="#">
   <subfield code="a">Nguyễn Đình Cường</subfield>
   <subfield code="e">Chủ biên</subfield>
  </datafield>
  <datafield tag="245" ind1="0" ind2="0">
   <subfield code="a">Điền kinh</subfield>
   <subfield code="b">Tài liệu đào tạo giáo viên trình độ cao đẵng</subfield>
   <subfield code="c">Nguyễn Đình Cường, Phan Thị Hiệp</subfield>
  </datafield>
  <datafield tag="260" ind1="#" ind2="#">
   <subfield code="a">H.</subfield>
   <subfield code="b">Giáo dục</subfield>
   <subfield code="b">Đại học sư phạm</subfield>
   <subfield code="c">2007</subfield>
  </datafield>
  <datafield tag="300" ind1="#" ind2="#">
   <subfield code="a">224 tr.</subfield>
   <subfield code="c">29 cm.</subfield>
  </datafield>
  <datafield tag="500" ind1="#" ind2="#">
   <subfield code="a">Đầu bìa sách ghi : Bộ Giáo dục và Đào tạo. Dự án phát triển giáo viên tiểu học</subfield>
  </datafield>
  <datafield tag="650" ind1="#" ind2="4">
   <subfield code="a">Điền kinh</subfield>
  </datafield>
  <datafield tag="653" ind1="#" ind2="#">
   <subfield code="a">Giáo trình</subfield>
  </datafield>
  <datafield tag="653" ind1="#" ind2="#">
   <subfield code="a">Tiểu học</subfield>
  </datafield>
  <datafield tag="653" ind1="#" ind2="#">
   <subfield code="a">Phương pháp giảng dạy</subfield>
  </datafield>
  <datafield tag="700" ind1="0" ind2="#">
   <subfield code="a">Phan Thị Hiệp</subfield>
   <subfield code="e">tác giả</subfield>
  </datafield>
  <datafield tag="852" ind1="#" ind2="#">
   <subfield code="b">Kho giáo trình</subfield>
   <subfield code="j">KGT.0017059, KGT.0017060, KGT.0017061, KGT.0017062, KGT.0017063, KGT.0017064, KGT.0017065, KGT.0017066, KGT.0017067, KGT.0017068, KGT.0017069, KGT.0017070, KGT.0017071, KGT.0017072, KGT.0017073, KGT.0017074, KGT.0017075, KGT.0017076</subfield>
  </datafield>
  <datafield tag="852" ind1="#" ind2="#">
   <subfield code="b">Kho mượn</subfield>
   <subfield code="j">KGT.0017059</subfield>
  </datafield>
  <datafield tag="852" ind1="#" ind2="#">
   <subfield code="j">KD.0009676</subfield>
   <subfield code="j">KGT.0017061</subfield>
   <subfield code="j">KGT.0017062</subfield>
   <subfield code="j">KGT.0017063</subfield>
   <subfield code="j">KGT.0017065</subfield>
   <subfield code="j">KGT.0017066</subfield>
   <subfield code="j">KGT.0017068</subfield>
   <subfield code="j">KGT.0017069</subfield>
   <subfield code="j">KGT.0017071</subfield>
   <subfield code="j">KGT.0017072</subfield>
   <subfield code="j">KGT.0017074</subfield>
   <subfield code="j">KGT.0017076</subfield>
   <subfield code="j">KGT.0017059</subfield>
   <subfield code="j">KGT.0017060</subfield>
   <subfield code="j">KGT.0017064</subfield>
   <subfield code="j">KGT.0017067</subfield>
   <subfield code="j">KGT.0017070</subfield>
   <subfield code="j">KGT.0017073</subfield>
   <subfield code="j">KGT.0017075</subfield>
  </datafield>
  <datafield tag="852" ind1="#" ind2="#">
   <subfield code="b">Kho đọc</subfield>
   <subfield code="j">KD.0009676</subfield>
  </datafield>
  <datafield tag="910" ind1="0" ind2="#">
   <subfield code="a">nhnam</subfield>
   <subfield code="d">02/06/2011</subfield>
  </datafield>
  <datafield tag="980" ind1="#" ind2="#">
   <subfield code="a">Trung tâm Học liệu Lê Vũ Hùng, Trường Đại học Đồng Tháp</subfield>
  </datafield>
 </record>
</collection>
